000 00685nam a2200253Ia 4500
003 OSt
005 20221006142550.0
006 a|||||r|||| 00| 0
007 ta
008 221006b |||||||| |||| 00| 0 eng d
020 _cSh81.00
024 _a6,608
037 _cTextual
040 _aEASL
_cEASL
_beng
041 _2eng
_aeng
082 _aY:4:7.410j5.N7, L0
100 _aJungk Robert, etc. Co.
_9647937
245 0 _aChina and the West
_b Mankind evolving
260 _aLondon
_bGarnstone Press
_c1970
300 _a192p.
_ccm.
490 _v CEL
942 _hY:4:7.410j5.N7, L0
_cTEXL
_2CC
999 _c1074694
_d1074694